Bilecik Bilecik Bilecik Bilecik Bilecik

el- Makasıdü'ş- şafiye fi şerhi'l- hulasati'l- kafiye/ (Record no. 63696)

MARC details
000 -BAŞLIK
Sabit Uzunluktaki Kontrol Alanı 01037nam a22002777a 4500
001 - KONTROL NUMARASI
Control Dosyası 0063900
003 - KONTROL NUMARASI KİMLİĞİ
Kontrol Alanı KOHA_MİRAKIL
005 - EN SON İŞLEM TARİHİ ve ZAMANI
Kontrol Alanı 20260207004450.0
007 - FİZİKSEL TANIM SABİT ALAN - GENEL BİLGİ
Sabit uzunluklu kontrol alanı ta
008 - SABİT UZUNLUKTAKİ VERİ ÖGELERİ - GENEL BİLGİ
Sabit Alan 190304b xx |||gr||||#||||1|ara |
040 ## - KATALOGLAMA KAYNAĞI
Özgün Kataloglama Kurumu TR-BiSEU
Kataloglama Dili tur
Çeviri Kurumu TR-BiSEU
Açıklama Kuralları rda
041 0# - DİL KODU
Metin ya da ses kaydının dil kodu ara
050 ## - SINIFLAMA ve YER NUMARASI
Sınıflama Numarası PJ6106
Yer Numarası .S28 [t.y.]
100 1# - KİŞİ ADI
Yazar Adı (Kişi adı) Şatıbi, Ebu İshak İbrahim b. Musa b. Muhammed el- Gırnati.
245 13 - ESER ADI BİLDİRİMİ
Başlık el- Makasıdü'ş- şafiye fi şerhi'l- hulasati'l- kafiye/
Sorumluluk Bildirimi Ebu İshak İbrahim b. Musa b. Muhammed el- Gırnati Şatıbi ; Ebu İshak İbrahim b. Musa b. Muhammed el- Gırnati Şatıbi; tahkik Abdurrahman b. Süleyman el- Useymin.
264 #1 - ÜRERİM, YAYIN, DAĞITIM ve TELİF BİLDİRİMİ
Yayın yeri Mekke :
Yayınlayan Camiatu Ümmi'l- Kura
Yayın tarihi [t.y.]
300 ## - FİZİKSEL TANIMLAMA
Sayfa, Cilt vb. c.; 20 cm
336 ## - İÇERİK TÜRÜ
Content type term metin
Content type code txt
Source rdacontent
337 ## - MEDYA TÜRÜ
Media type term aracısız
Media type code n
Source rdamedia
338 ## - TAŞIYICI TÜRÜ
Carrier type term cilt
Carrier type code nc
Source rdacarrier
650 #0 - KONU BAŞLIĞI EK GİRİŞ - KONU TERİMİ
Konusal terim veya coğrafi ad Dil
9 (RLIN) 1577
650 #0 - KONU BAŞLIĞI EK GİRİŞ - KONU TERİMİ
Konusal terim veya coğrafi ad Arapça
9 (RLIN) 63058
650 #0 - KONU BAŞLIĞI EK GİRİŞ - KONU TERİMİ
Konusal terim veya coğrafi ad Dilin standart biçimi yapısal sistemi (Gramer)
9 (RLIN) 118289
650 #0 - KONU BAŞLIĞI EK GİRİŞ - KONU TERİMİ
Konusal terim veya coğrafi ad Arabic language--Grammar.
9 (RLIN) 17379
942 ## - EK GİRİŞ ÖGELERİ (KOHA)
Source of classification or shelving scheme Library of Congress Classification
Koha item type Book
Holdings
Materyal Türü Kalıcı Konum Mevcut Konum Raf Yeri Koleksiyon Kodu Sınıflandırma Kaynağı Edinim Bilgisi Ana Konular Alt Konular Yer Numarası Cilt Bilgisi Demirbaş Numarası Fatura Tarihi Geri Çekilme Durumu Kayıp Durumu Hasarlı Durumu Kredi için değil Kayıt Tarih Toplam Ödünçverme Son Görülme Tarihi Son Kontrol Tarihi Genel / Bağış Notu
Book Prof. Dr. Azmi Özcan Kütüphanesi Prof. Dr. Azmi Özcan Kütüphanesi Birûni Salonu Özel Library of Congress Classification Bağış DİL VE EDEBİYAT Doğu Dilleri ve Edebiyatları PJ6106 .S28 [t.y.] c.1 0063900 02/02/2026       Ödünç verilmez 04/03/2019   14/11/2025 14/11/2025 Genel Bağış
Book Prof. Dr. Azmi Özcan Kütüphanesi Prof. Dr. Azmi Özcan Kütüphanesi Birûni Salonu Özel Library of Congress Classification Bağış DİL VE EDEBİYAT Doğu Dilleri ve Edebiyatları PJ6106 .S28 [t.y.] c.2 0063901 02/02/2026       Ödünç verilmez 04/03/2019   14/11/2025 14/11/2025 Genel Bağış